000 00634nam a2200181Ia 4500
008 151018s9999 xx 000 0 und d
082 _bRBASDV33306
_a891.462
100 _aकमलाकर बोरकर
245 _aरक्तात रंगली नाती
250 _b1
260 _bत्रिदल प्रकाशन मुंबई
_c1999
300 _a83
600 _aकमलाकर बोरकर
630 _aरक्तात रंगली नाती
700 _aकमलाकर बोरकर
730 _aरक्तात रंगली नाती
942 _cBOOK
999 _c1032821
_d1032818